[Event "Madrid ch 2010-2011 - Semifinal B"]
[Site "Madrid ESP"]
[Date "2011.01.15"]
[Round "2.11"]
[White "Marcos Herrero, Francisco"]
[Black "Alonso Aranzabal, Iñigo"]
[Result "0-1"]
[WhiteElo "1891"]
[BlackElo "2052"]
[PlyCount "140"]
[EventDate "2011.01.14"]
[EventType "swiss"]
[EventRounds "9"]
[EventCountry "ESP"]
[Source "lmi"]
[SourceDate "2011.01.14"]

1. d4 Nf6 2. Nf3 g6 3. g3 Bg7 4. Bg2 O-O 5. O-O d6 6. Nc3 c6 7. e4 Nbd7 8. a4
a5 9. h3 e5 10. Be3 Re8 11. Qd2 Qc7 12. Rad1 Rb8 13. dxe5 dxe5 14. Qd6 Qxd6 15.
Rxd6 Bf8 16. Rd2 Bb4 17. Ne1 c5 18. Rd6 c4 19. Rd1 Bxc3 20. bxc3 Nf8 21. Kh2
Bd7 22. Ra1 Bc6 23. f3 Ne6 24. Bb6 Ra8 25. Rf2 Nd7 26. Be3 Nec5 27. Bf1 Nxa4
28. Bxc4 b5 29. Bb3 Nxc3 30. Bd2 b4 31. Nd3 Nb5 32. Be3 Nd4 33. Nxe5 Nxb3 34.
Nxd7 Nxa1 35. Nf6+ Kf8 36. Nxe8 Kxe8 37. Bd4 Nxc2 38. Rxc2 Bd7 39. Rb2 Be6 40.
g4 b3 41. Bc5 Rc8 42. Ba3 Rc3 43. Kg3 Kd7 44. Kf4 Kc6 45. Rd2 Rc2 46. Ke3 Kb5
47. Rxc2 bxc2 48. Kd2 Ka4 49. Bb2 Kb3 50. Kc1 Bc4 51. f4 Be2 52. Ba1 Bf3 53. g5
Bxe4 54. h4 a4 55. Be5 a3 56. Bf6 Kc4 57. Kd2 a2 58. Bb2 Kd5 59. Bf6 Ke6 60.
Be5 Kf5 61. Kc1 Kg4 62. Kd2 Kxh4 63. Bf6 Kg4 64. Be5 a1=Q 65. Bxa1 Kxf4 66. Bf6
Kf5 67. Bd8 Ke6 68. Kc1 f5 69. Bc7 Kd5 70. Kd2 Bd3 0-1

[Event "Madrid ch 2010-2011 - Semifinal B"]
[Site "Madrid ESP"]
[Date "2011.01.15"]
[Round "2.12"]
[White "Garcia Salamero, Hector"]
[Black "Garcia Herranz, Jesus"]
[Result "0-1"]
[WhiteElo "1841"]
[BlackElo "1958"]
[PlyCount "102"]
[EventDate "2011.01.14"]
[EventType "swiss"]
[EventRounds "9"]
[EventCountry "ESP"]
[Source "lmi"]
[SourceDate "2011.01.14"]

1. e4 e5 2. Nf3 Nc6 3. Bb5 a6 4. Ba4 Nf6 5. O-O Be7 6. Re1 b5 7. Bb3 O-O 8. c3
d6 9. h3 Na5 10. Bc2 c5 11. a4 Bb7 12. d3 Nc6 13. Nbd2 Re8 14. Nf1 h6 15. g4
Nh7 16. Ng3 Ng5 17. Kh2 g6 18. Rg1 Kh7 19. Be3 b4 20. Qe2 Bc8 21. Raf1 bxc3 22.
bxc3 Rb8 23. Nxg5+ hxg5 24. Rb1 Rxb1 25. Rxb1 Be6 26. Qd2 f6 27. Ne2 Kg7 28. d4
cxd4 29. cxd4 d5 30. Qc3 Qd7 31. exd5 Bxd5 32. Qd3 e4 33. Qd1 f5 34. gxf5 gxf5
35. Qg1 g4 36. Nf4 Rh8 37. Kg2 Nb4 38. Bb3 Bxb3 39. Rxb3 Nd3 40. Nxd3 exd3 41.
Rxd3 Qd5+ 42. Kf1 Rxh3 43. Ke2 Bb4 44. Bd2 Qc4 45. Qb1 a5 46. Bxb4 axb4 47. a5
f4 48. d5 Qe4+ 49. Kd2 Kf7 50. Kc2 Qe2+ 51. Rd2 Qc4+ 0-1

[Event "Madrid ch 2010-2011 - Semifinal B"]
[Site "Madrid ESP"]
[Date "2011.01.15"]
[Round "2.13"]
[White "Cuadrado Lopez, Francisco"]
[Black "Martin Garcia, Francisco Javier"]
[Result "1-0"]
[WhiteElo "1957"]
[BlackElo "1662"]
[PlyCount "103"]
[EventDate "2011.01.14"]
[EventType "swiss"]
[EventRounds "9"]
[EventCountry "ESP"]
[Source "lmi"]
[SourceDate "2011.01.14"]

1. Nf3 Nf6 2. c4 d5 3. cxd5 Nxd5 4. Nc3 Nc6 5. g3 e5 6. Bg2 Nb6 7. O-O Be7 8.
d3 Be6 9. Ne4 h6 10. b3 f5 11. Ned2 Bf6 12. Bb2 Qe7 13. Nc4 Bf7 14. Rb1 a5 15.
Nxb6 cxb6 16. Nd2 O-O 17. Nc4 b5 18. Ne3 Be6 19. Nd5 Bxd5 20. Bxd5+ Kh8 21. Bg2
Rac8 22. e3 Rfd8 23. Qe2 Nb4 24. Ba3 Rc3 25. Rfd1 Qc7 26. Bxb4 axb4 27. Bf1 Rc2
28. Rd2 Rc8 29. Rbd1 Rxd2 30. Qxd2 Qc3 31. d4 Qxd2 32. Rxd2 Rc1 33. Kg2 exd4
34. exd4 Rc7 35. Bxb5 Kg8 36. d5 Bc3 37. d6 Rc8 38. d7 Rd8 39. Rd5 Kf7 40.
Rxf5+ Ke6 41. Rc5 Kd6 42. Rc8 Rxd7 43. Bxd7 Kxd7 44. Rc4 b5 45. Rc5 Kd6 46.
Rxb5 Kc6 47. Rh5 Kb6 48. g4 Kc6 49. Kf3 Kd6 50. Ke4 Kc6 51. Kd3 Bf6 52. Kc4 1-0

[Event "Madrid ch 2010-2011 - Semifinal B"]
[Site "Madrid ESP"]
[Date "2011.01.21"]
[Round "3.1"]
[White "Elissalt Cardenas, Hector"]
[Black "Garcia Salamero, Gabriel"]
[Result "1/2-1/2"]
[WhiteElo "2359"]
[BlackElo "2177"]
[PlyCount "20"]
[EventDate "2011.01.14"]
[EventType "swiss"]
[EventRounds "9"]
[EventCountry "ESP"]
[Source "lmi"]
[SourceDate "2011.01.14"]

1. d4 Nf6 2. c4 e6 3. Nc3 d5 4. Nf3 Be7 5. Bg5 O-O 6. e3 b6 7. Qc2 h6 8. Bxf6
Bxf6 9. cxd5 exd5 10. Bd3 Bb7 1/2-1/2

[Event "Madrid ch 2010-2011 - Semifinal B"]
[Site "Madrid ESP"]
[Date "2011.01.21"]
[Round "3.2"]
[White "Montañes Arribas, Adrian"]
[Black "Madina Yadarola, Martin"]
[Result "1-0"]
[WhiteElo "2144"]
[BlackElo "2297"]
[PlyCount "96"]
[EventDate "2011.01.14"]
[EventType "swiss"]
[EventRounds "9"]
[EventCountry "ESP"]
[Source "lmi"]
[SourceDate "2011.01.14"]

1. e4 a6 2. d4 b5 3. Bd3 e6 4. Nf3 Nf6 5. O-O Bb7 6. Qe2 c5 7. c3 Be7 8. a4 c4
9. Bc2 d5 10. e5 Nfd7 11. axb5 axb5 12. Rxa8 Bxa8 13. Re1 Na6 14. Nbd2 Nc7 15.
Nf1 Nf8 16. g3 g5 17. Ne3 h5 18. Ng2 h4 19. Ne3 Kd7 20. Ng4 Rg8 21. Bd2 Kc8 22.
Ra1 Nd7 23. Qe1 Bc6 24. Ra2 Na8 25. Qa1 Nab6 26. Bc1 Kb8 27. b3 Qc7 28. Ba3
Bxa3 29. Rxa3 cxb3 30. Rxb3 Nc4 31. Qc1 Qd8 32. Bd3 Qe7 33. Nd2 Kc7 34. Bxc4
dxc4 35. Ra3 Rb8 36. Ra7+ Rb7 37. Qa1 Qd8 38. Ra8 Qe7 39. Qa5+ Nb6 40. Nf6 b4
41. Nxc4 bxc3 42. Nd6 Rb8 43. Ra7+ Rb7 44. Rxb7+ Bxb7 45. Nfe8+ Kb8 46. Qxb6 h3
47. Qb3 Qd7 48. Qxc3 Qa4 1-0

[Event "Madrid ch 2010-2011 - Semifinal B"]
[Site "Madrid ESP"]
[Date "2011.01.21"]
[Round "3.3"]
[White "Fernandez Lledo, Javier"]
[Black "Cabañas Jimenez, Andres"]
[Result "0-1"]
[WhiteElo "2138"]
[BlackElo "2221"]
[PlyCount "70"]
[EventDate "2011.01.14"]
[EventType "swiss"]
[EventRounds "9"]
[EventCountry "ESP"]
[Source "lmi"]
[SourceDate "2011.01.14"]

1. e4 c5 2. Nf3 Nc6 3. d4 cxd4 4. Nxd4 Nf6 5. Nc3 e5 6. Ndb5 d6 7. Bg5 a6 8.
Na3 b5 9. Bxf6 gxf6 10. Nd5 f5 11. Bd3 Be6 12. Qh5 Bg7 13. O-O f4 14. g3 Ne7
15. Qg5 Nxd5 16. Qxg7 Qf6 17. Qxf6 Nxf6 18. f3 Nh5 19. g4 Nf6 20. c4 b4 21. Nc2
a5 22. b3 Nd7 23. Rfb1 Nc5 24. Bf1 Kd7 25. a3 Rab8 26. axb4 axb4 27. Ne1 h5 28.
h3 hxg4 29. hxg4 Ra8 30. Nc2 Rxa1 31. Nxa1 Rg8 32. Kf2 Ra8 33. Be2 Ra2 34. Kf1
Bxg4 35. Bd1 Bh3+ 0-1

[Event "Madrid ch 2010-2011 - Semifinal B"]
[Site "Madrid ESP"]
[Date "2011.01.21"]
[Round "3.4"]
[White "Perez de Aranda Alonso, Leonardo"]
[Black "Madurga Lopez, Ignacio"]
[Result "1/2-1/2"]
[WhiteElo "2161"]
[BlackElo "1987"]
[PlyCount "86"]
[EventDate "2011.01.14"]
[EventType "swiss"]
[EventRounds "9"]
[EventCountry "ESP"]
[Source "lmi"]
[SourceDate "2011.01.14"]

1. e4 c5 2. Nf3 d6 3. d4 cxd4 4. Nxd4 Nf6 5. Nc3 a6 6. Qf3 Nbd7 7. h3 e6 8. g4
Qb6 9. Nb3 Qc7 10. g5 Ne5 11. Qe2 Nfd7 12. f4 Nc6 13. Bg2 b6 14. Be3 Be7 15.
O-O-O b5 16. Nd4 b4 17. e5 Nxd4 18. Bxd4 d5 19. Nxd5 exd5 20. Bxd5 Bb7 21.
Bxf7+ Kxf7 22. e6+ Kf8 23. exd7 Bxh1 24. Bxg7+ Kf7 25. Bxh8 Qxf4+ 26. Kb1 Bf3
27. Rf1 Bxe2 28. Rxf4+ Ke6 29. Bf6 Bxf6 30. Rxf6+ Kxd7 31. Rf7+ Ke6 32. Rxh7
Kf5 33. h4 Rd8 34. a3 b3 35. cxb3 Bd3+ 36. Kc1 Kg4 37. Rh6 Rf8 38. Kd2 Bf1 39.
Rf6 Rd8+ 40. Kc3 Be2 41. Re6 Bf1 42. Re4+ Kf3 43. Rd4 Rc8+ 1/2-1/2

[Event "Madrid ch 2010-2011 - Semifinal B"]
[Site "Madrid ESP"]
[Date "2011.01.21"]
[Round "3.5"]
[White "Martin Duque, Jesus"]
[Black "Lorite Cruz, Francisco"]
[Result "1-0"]
[WhiteElo "2109"]
[BlackElo "2095"]
[PlyCount "81"]
[EventDate "2011.01.14"]
[EventType "swiss"]
[EventRounds "9"]
[EventCountry "ESP"]
[Source "lmi"]
[SourceDate "2011.01.14"]

1. e4 e6 2. d4 d5 3. e5 c5 4. c3 Qb6 5. Nf3 Bd7 6. a3 a5 7. Bd3 Nc6 8. Bc2 cxd4
9. cxd4 Nge7 10. Nc3 Nc8 11. O-O Be7 12. Be3 Qd8 13. Ne2 f5 14. exf6 Bxf6 15.
Nf4 Qe7 16. Ne5 Bxe5 17. dxe5 Qf7 18. Nh3 N8e7 19. Ng5 Qg8 20. f4 g6 21. Qd2 h6
22. Nf3 Qf7 23. b4 Nf5 24. Bc5 Rc8 25. Bd3 Nb8 26. Rac1 Na6 27. Bb6 axb4 28.
axb4 O-O 29. b5 Nb8 30. Bc5 Rfe8 31. g4 Ng7 32. Nh4 Rxc5 33. Rxc5 Qe7 34. Qf2
d4 35. Rc2 Qb4 36. Rc4 Qxb5 37. Rxd4 Qb6 38. Bxg6 Rf8 39. Rfd1 Bc6 40. f5 Bb5
41. f6 1-0

[Event "Madrid ch 2010-2011 - Semifinal B"]
[Site "Madrid ESP"]
[Date "2011.01.21"]
[Round "3.6"]
[White "Martin Rodriguez, Emilio"]
[Black "Bermejo Arruego, Luis"]
[Result "1-0"]
[WhiteElo "2054"]
[BlackElo "2194"]
[PlyCount "64"]
[EventDate "2011.01.14"]
[EventType "swiss"]
[EventRounds "9"]
[EventCountry "ESP"]
[Source "lmi"]
[SourceDate "2011.01.14"]

1. d4 d5 2. c4 c6 3. Nf3 Nf6 4. Nc3 a6 5. cxd5 cxd5 6. Bf4 Nc6 7. e3 Bg4 8. Be2
e6 9. Ne5 Bxe2 10. Qxe2 Rc8 11. O-O Bb4 12. Rfc1 O-O 13. Bg5 Be7 14. Nxc6 Rxc6
15. Na4 Qc7 16. Rc3 Rxc3 17. Nxc3 Rc8 18. h3 Bb4 19. Bxf6 gxf6 20. Qg4+ Kh8 21.
Qf3 Be7 22. Re1 f5 23. Qh5 Kg7 24. g4 fxg4 25. hxg4 f6 26. e4 dxe4 27. Rxe4 Qd7
28. Kg2 Bb4 29. g5 Bxc3 30. gxf6+ Kxf6 31. Qh6+ Ke7 32. Qxh7+ Kd6 1-0

[Event "Madrid ch 2010-2011 - Semifinal B"]
[Site "Madrid ESP"]
[Date "2011.01.21"]
[Round "3.7"]
[White "Alonso Aranzabal, Iñigo"]
[Black "Nieto de la Cruz, Julio"]
[Result "0-1"]
[WhiteElo "2052"]
[BlackElo "2135"]
[PlyCount "60"]
[EventDate "2011.01.14"]
[EventType "swiss"]
[EventRounds "9"]
[EventCountry "ESP"]
[Source "lmi"]
[SourceDate "2011.01.14"]

1. e4 c5 2. c3 d5 3. exd5 Qxd5 4. d4 e5 5. dxe5 Qxd1+ 6. Kxd1 Nc6 7. Bb5 Bg4+
8. f3 O-O-O+ 9. Ke1 Bd7 10. Bxc6 Bxc6 11. Ne2 f6 12. c4 fxe5 13. Nbc3 Nf6 14.
Bg5 Re8 15. Bxf6 gxf6 16. Ng3 f5 17. Kf2 e4 18. Rhe1 exf3 19. Rxe8+ Bxe8 20.
gxf3 Bd7 21. f4 Bg7 22. Nge2 Bf6 23. Rd1 Bc6 24. b3 Re8 25. Nd5 Bh4+ 26. Kf3
Re6 27. Ng3 Be8 28. Rd2 Bxg3 29. hxg3 Re1 30. Re2 Bh5+ 0-1

[Event "Madrid ch 2010-2011 - Semifinal B"]
[Site "Madrid ESP"]
[Date "2011.01.21"]
[Round "3.8"]
[White "Ramos Aldoradin, John Paul"]
[Black "Garcia Herranz, Jesus"]
[Result "1-0"]
[WhiteElo "2125"]
[BlackElo "1958"]
[PlyCount "133"]
[EventDate "2011.01.14"]
[EventType "swiss"]
[EventRounds "9"]
[EventCountry "ESP"]
[Source "lmi"]
[SourceDate "2011.01.14"]

1. e4 e5 2. Nf3 Nc6 3. Bc4 Be7 4. c3 Nf6 5. d4 d6 6. O-O O-O 7. h3 Nxe4 8. Bd5
Ng5 9. Bxc6 bxc6 10. dxe5 Nxf3+ 11. Qxf3 dxe5 12. Qxc6 Rb8 13. Qa4 Bg5 14. Rd1
Qf6 15. Qxa7 Bxh3 16. f4 Bxf4 17. Bxf4 Qxf4 18. Rd2 Bf5 19. Qf2 Qg5 20. Na3 Rb6
21. Nc4 Rf6 22. Qe3 Qh4 23. Nxe5 Re6 24. Nf3 Qg3 25. Qf2 Qg4 26. Rd4 Be4 27.
Re1 f5 28. Nd2 h5 29. Nxe4 fxe4 30. Qe2 Qxe2 31. Rxe2 Rf4 32. Rc4 c6 33. a4 Kf7
34. a5 Rf5 35. Ra4 Rfe5 36. a6 Re8 37. b4 Ra8 38. Kf2 Ke6 39. Ke3 Kd5 40. Ra5+
Ke6 41. Rxe5+ Kxe5 42. Ra2 Kd5 43. Ra5+ Kd6 44. Kxe4 g6 45. a7 Kc7 46. Kf4 Kb7
47. Kg5 h4 48. Kxh4 Rh8+ 49. Kg5 Ka8 50. g4 Rh3 51. Ra3 Rg3 52. Kf4 Rh3 53. Kg5
Rg3 54. Kxg6 Rxg4+ 55. Kf6 Rg3 56. Ke6 Rd3 57. Ke7 Rd5 58. Ra5 Rd3 59. Rc5 Kxa7
60. Rxc6 Kb7 61. Rc5 Re3+ 62. Kd6 Rd3+ 63. Ke5 Re3+ 64. Kd4 Rh3 65. Kc4 Rh4+
66. Kb5 Rh6 67. c4 1-0

[Event "Madrid ch 2010-2011 - Semifinal B"]
[Site "Madrid ESP"]
[Date "2011.01.21"]
[Round "3.9"]
[White "Cerrato Torrijos, Maria"]
[Black "Cuadrado Lopez, Francisco"]
[Result "1/2-1/2"]
[WhiteElo "2100"]
[BlackElo "1957"]
[PlyCount "117"]
[EventDate "2011.01.14"]
[EventType "swiss"]
[EventRounds "9"]
[EventCountry "ESP"]
[Source "lmi"]
[SourceDate "2011.01.14"]

1. e4 e5 2. f4 exf4 3. Nf3 d6 4. Bc4 Be7 5. O-O Nf6 6. Nc3 c6 7. d4 b5 8. Bd3
O-O 9. Bxf4 Bg4 10. Qe1 Nh5 11. Be3 b4 12. Ne2 Nf6 13. Qg3 Qc8 14. Nf4 Bxf3 15.
Rxf3 Qg4 16. Qf2 Qc8 17. Qe2 Nbd7 18. Raf1 c5 19. c3 a5 20. Rg3 Re8 21. Nh5 g6
22. Nxf6+ Bxf6 23. Bb5 Bg7 24. Rgf3 f6 25. Qc4+ Kh8 26. Rh3 Nb6 27. Qf7 Rf8 28.
Qe7 Qd8 29. Qxd8 Rfxd8 30. dxc5 dxc5 31. Bxc5 Rab8 32. cxb4 axb4 33. Bxb4 Rd4
34. Bc3 Rxe4 35. Bd3 Rg4 36. Bxf6 Nd5 37. Bxg7+ Kxg7 38. b3 Nf4 39. Rhf3 Rxg2+
40. Kh1 Rd2 41. Bc4 g5 42. a4 Ra2 43. h4 h6 44. hxg5 hxg5 45. Kg1 Rh8 46. Rxf4
gxf4 47. Rxf4 Rd8 48. Rf2 Ra1+ 49. Kg2 Rdd1 50. Rb2 Kf6 51. Kf3 Ke5 52. Ke2 Kd4
53. Rc2 Rh1 54. Rd2+ Kc3 55. Rd3+ Kb4 56. Rd4 Rh2+ 57. Kf3 Rh3+ 58. Kg4 Rxb3
59. Bxb3+ 1/2-1/2

[Event "Madrid ch 2010-2011 - Semifinal B"]
[Site "Madrid ESP"]
[Date "2011.01.21"]
[Round "3.10"]
[White "Gomez Gonzalez, Javier"]
[Black "Lopez Garralon, Miguel"]
[Result "1/2-1/2"]
[WhiteElo "2062"]
[BlackElo "1895"]
[PlyCount "54"]
[EventDate "2011.01.14"]
[EventType "swiss"]
[EventRounds "9"]
[EventCountry "ESP"]
[Source "lmi"]
[SourceDate "2011.01.14"]

1. e4 d6 2. d4 Nf6 3. Nc3 Nbd7 4. Nf3 e5 5. Be2 Be7 6. O-O c6 7. a4 a5 8. Nh4
exd4 9. Qxd4 Nc5 10. Be3 Ne6 11. Qd2 Nxe4 12. Nxe4 d5 13. Nf5 dxe4 14. Qxd8+
Bxd8 15. Nd6+ Ke7 16. Nxe4 Bc7 17. f4 f5 18. Ng5 h6 19. Nh3 Rd8 20. Bc4 Nd4 21.
Rae1 Kf6 22. Rf2 b5 23. axb5 cxb5 24. Ba2 Ra6 25. c3 Ne6 26. Rfe2 Bb6 27. Bxb6
Rxb6 1/2-1/2

[Event "Madrid ch 2010-2011 - Semifinal B"]
[Site "Madrid ESP"]
[Date "2011.01.21"]
[Round "3.11"]
[White "Marcos Herrero, Francisco"]
[Black "Vazquez Gonzalez, Jesus"]
[Result "0-1"]
[WhiteElo "1891"]
[BlackElo "2071"]
[PlyCount "102"]
[EventDate "2011.01.14"]
[EventType "swiss"]
[EventRounds "9"]
[EventCountry "ESP"]
[Source "lmi"]
[SourceDate "2011.01.14"]

1. Nf3 g6 2. g3 Bg7 3. Bg2 Nf6 4. O-O O-O 5. d4 d6 6. Nc3 Nbd7 7. e4 c6 8. a4
e5 9. h3 Nh5 10. dxe5 dxe5 11. Qe2 Qc7 12. a5 Re8 13. Qc4 Nf8 14. Be3 Be6 15.
Qa4 h6 16. Nd2 f5 17. exf5 gxf5 18. g4 fxg4 19. hxg4 Nf4 20. f3 N8g6 21. Nde4
Qe7 22. Rf2 Qh4 23. Ne2 h5 24. g5 Nh3+ 25. Bxh3 Qxh3 26. N2g3 Nh4 27. Raf1 Rf8
28. Rh2 Nxf3+ 29. Rxf3 Qxh2+ 30. Kxh2 Rxf3 31. Bc5 h4 32. Nh5 Rd8 33. Qb4 b6
34. axb6 axb6 35. Qxb6 Rd1 36. Qc7 Rf7 37. Qb8+ Kh7 38. Nhf6+ Kg6 39. Qb4 Bxf6
40. Nxf6 Kxg5 41. Be7 Rd4 42. Qa3 Kf4 43. Nh5+ Kg4 44. Nf6+ Kf4 45. Bd8 Rxd8
46. Nh5+ Kg4 47. Qe3 Kxh5 48. Qxe5+ Bf5 49. Qe2+ Bg4 50. Qe5+ Rf5 51. Qe3 Rdf8
0-1

[Event "Madrid ch 2010-2011 - Semifinal B"]
[Site "Madrid ESP"]
[Date "2011.01.21"]
[Round "3.12"]
[White "Martin Garcia, Francisco Javier"]
[Black "Morona Minguez, Irene"]
[Result "0-1"]
[WhiteElo "1662"]
[BlackElo "1911"]
[PlyCount "98"]
[EventDate "2011.01.14"]
[EventType "swiss"]
[EventRounds "9"]
[EventCountry "ESP"]
[Source "lmi"]
[SourceDate "2011.01.14"]

1. d4 Nf6 2. c4 g6 3. Nc3 Bg7 4. e4 d6 5. f4 O-O 6. Nf3 Na6 7. e5 Nd7 8. Be2 c5
9. exd6 exd6 10. O-O Re8 11. d5 f5 12. Bd3 Nf6 13. a3 Ne4 14. Qc2 Nxc3 15. bxc3
Qa5 16. Bd2 Bd7 17. a4 Re7 18. Rfe1 Rae8 19. Rxe7 Rxe7 20. Kf2 Be8 21. Ng5 Nc7
22. Qb3 h6 23. Nf3 Na8 24. Bc2 Nb6 25. Nh4 Qa6 26. Qa2 Qxc4 27. Qxc4 Nxc4 28.
Re1 Rxe1 29. Bxe1 Bf6 30. Nf3 Nb2 31. a5 Nc4 32. a6 bxa6 33. Bb3 Nb2 34. c4
Nd3+ 35. Ke3 Nb4 36. Bh4 Bxh4 37. Nxh4 a5 38. Kd2 a4 39. Bxa4 Bxa4 40. Nxg6 Bd7
41. Kc3 a5 42. Kb3 a4+ 43. Kc3 a3 44. Kb3 a2 45. Kb2 Kf7 46. Nh4 Kf6 47. Nf3
Ba4 48. Ne1 Bb3 49. g4 fxg4 0-1

[Event "Madrid ch 2010-2011 - Semifinal B"]
[Site "Madrid ESP"]
[Date "2011.01.21"]
[Round "3.13"]
[White "Cano Cabanillas, Javier"]
[Black "Garcia Salamero, Hector"]
[Result "1/2-1/2"]
[WhiteElo "1910"]
[BlackElo "1841"]
[PlyCount "75"]
[EventDate "2011.01.14"]
[EventType "swiss"]
[EventRounds "9"]
[EventCountry "ESP"]
[Source "lmi"]
[SourceDate "2011.01.14"]

1. e4 e5 2. Nf3 Nc6 3. Bc4 Be7 4. d4 d6 5. dxe5 dxe5 6. Qxd8+ Bxd8 7. Be3 Nf6
8. Nc3 a6 9. Ng5 O-O 10. Bc5 Be7 11. Bxe7 Nxe7 12. O-O-O Bd7 13. Nf3 Bg4 14.
Be2 Bxf3 15. Bxf3 Rfd8 16. g3 Kf8 17. Bg2 Ne8 18. Rxd8 Rxd8 19. Rd1 Rxd1+ 20.
Kxd1 Nd6 21. Nd5 Nxd5 22. exd5 Ke7 23. Kd2 Nc8 24. c4 Kd6 25. b4 b6 26. Kc3 Ne7
27. Kb3 g6 28. Ka4 h6 29. a3 f6 30. Kb3 g5 31. Kc3 Ng8 32. Kd3 g4 33. h3 gxh3
34. Bxh3 Ne7 35. Ke4 a5 36. Be6 axb4 37. axb4 c6 38. g4 1/2-1/2

[Event "Madrid ch 2010-2011 - Semifinal B"]
[Site "Madrid ESP"]
[Date "2011.01.22"]
[Round "4.1"]
[White "Cabañas Jimenez, Andres"]
[Black "Montañes Arribas, Adrian"]
[Result "0-1"]
[WhiteElo "2221"]
[BlackElo "2144"]
[PlyCount "112"]
[EventDate "2011.01.14"]
[EventType "swiss"]
[EventRounds "9"]
[EventCountry "ESP"]
[Source "lmi"]
[SourceDate "2011.01.14"]

1. e4 c5 2. Nf3 d6 3. d4 cxd4 4. Nxd4 Nf6 5. Nc3 a6 6. Bg5 e6 7. f4 Nc6 8. Qd2
h6 9. Bxf6 Qxf6 10. Nb3 g5 11. fxg5 Qxg5 12. O-O-O Ke7 13. Ne2 Qxd2+ 14. Nxd2
Ne5 15. h3 h5 16. Nd4 b5 17. N4f3 Bg7 18. Nxe5 Bxe5 19. Be2 h4 20. Bf3 Bb7 21.
Nb3 Rac8 22. Kb1 Rhg8 23. Rde1 Rcf8 24. Rhf1 f5 25. Nd2 Bg3 26. Re2 fxe4 27.
Nxe4 Ba8 28. Rd1 Bf4 29. Bg4 Be5 30. Nd2 Rf6 31. Rde1 Bd5 32. Nf3 Bg3 33. Rh1
e5 34. b3 Be6 35. Bxe6 Kxe6 36. c4 bxc4 37. bxc4 Rf4 38. Rc1 Rb8+ 39. Rb2 Rxb2+
40. Kxb2 e4 41. Nd4+ Ke5 42. Nc6+ Kf6 43. Rc2 e3 44. Nb4 Re4 45. Nd5+ Ke5 46.
Re2 Kd4 47. Kc2 Bf2 48. Nf6 Re7 49. Ng4 Bg3 50. Nh6 Ke4 51. Ng4 Kd4 52. Nh6 Re5
53. Ng4 Re6 54. Kc1 Kd3 55. Kd1 Re8 56. a4 a5 0-1

[Event "Madrid ch 2010-2011 - Semifinal B"]
[Site "Madrid ESP"]
[Date "2011.01.22"]
[Round "4.2"]
[White "Martin Duque, Jesus"]
[Black "Elissalt Cardenas, Hector"]
[Result "0-1"]
[WhiteElo "2109"]
[BlackElo "2359"]
[PlyCount "108"]
[EventDate "2011.01.14"]
[EventType "swiss"]
[EventRounds "9"]
[EventCountry "ESP"]
[Source "lmi"]
[SourceDate "2011.01.14"]

1. e4 g6 2. d4 Bg7 3. Nc3 d6 4. Be3 Nc6 5. Qd2 a6 6. Nge2 e5 7. f3 b5 8. a4
bxa4 9. Rxa4 Nf6 10. d5 Ne7 11. Bh6 O-O 12. g4 Bd7 13. Ra2 c6 14. Bxg7 Kxg7 15.
Ng3 cxd5 16. g5 Nfg8 17. exd5 Nf5 18. Nxf5+ gxf5 19. Bd3 Ne7 20. O-O Ng6 21.
Kh1 Rh8 22. Rg1 h6 23. Rxa6 Rxa6 24. Bxa6 Qb6 25. Bd3 Qxb2 26. Ne2 Qb7 27. c4
hxg5 28. Qxg5 Qb3 29. Qd2 Ra8 30. Nc1 Qb6 31. Qc2 Qe3 32. Qe2 Qxe2 33. Nxe2 Ra3
34. Rd1 Nh4 35. Ng1 Ba4 36. Rd2 Ra1 37. Rf2 Bd1 38. Rf1 Bxf3+ 39. Nxf3 Rxf1+
40. Bxf1 Nxf3 41. Kg2 Nd4 42. Kf2 Nb3 43. Ke3 Nc5 44. h4 Kg6 45. Be2 f4+ 46.
Kf2 f5 47. Kg2 e4 48. Kf2 Nd7 49. Bd1 Ne5 50. Be2 f3 51. Bf1 f4 52. c5 e3+ 53.
Ke1 dxc5 54. Bb5 c4 0-1

[Event "Madrid ch 2010-2011 - Semifinal B"]
[Site "Madrid ESP"]
[Date "2011.01.22"]
[Round "4.3"]
[White "Garcia Salamero, Gabriel"]
[Black "Perez de Aranda Alonso, Leonardo"]
[Result "1-0"]
[WhiteElo "2177"]
[BlackElo "2161"]
[PlyCount "73"]
[EventDate "2011.01.14"]
[EventType "swiss"]
[EventRounds "9"]
[EventCountry "ESP"]
[Source "lmi"]
[SourceDate "2011.01.14"]

1. e4 c5 2. Nf3 d6 3. d4 cxd4 4. Nxd4 Nf6 5. Nc3 g6 6. Be3 Bg7 7. f3 O-O 8. Qd2
Nc6 9. O-O-O d5 10. Nxc6 bxc6 11. Bh6 Qa5 12. Bxg7 Kxg7 13. e5 Nd7 14. h4 h5
15. g4 Rh8 16. e6 fxe6 17. Qg5 Qb4 18. Bd3 Rh6 19. gxh5 e5 20. Ne2 e4 21. Ng3
Nb6 22. fxe4 Na4 23. Qe5+ Kg8 24. exd5 Nxb2 25. Qxb2 Qf4+ 26. Rd2 Qxg3 27. dxc6
Rxh5 28. Bc4+ Kh7 29. Rf1 Bf5 30. Qb7 Rb8 31. Qxe7+ Kh6 32. Bb3 Qc3 33. Rd8
Rxd8 34. Qxd8 Qa1+ 35. Kd2 Qg7 36. Re1 Bg4 37. Re8 1-0

[Event "Madrid ch 2010-2011 - Semifinal B"]
[Site "Madrid ESP"]
[Date "2011.01.22"]
[Round "4.4"]
[White "Madina Yadarola, Martin"]
[Black "Martin Rodriguez, Emilio"]
[Result "1-0"]
[WhiteElo "2297"]
[BlackElo "2054"]
[PlyCount "43"]
[EventDate "2011.01.14"]
[EventType "swiss"]
[EventRounds "9"]
[EventCountry "ESP"]
[Source "lmi"]
[SourceDate "2011.01.14"]

1. e4 c6 2. d4 d5 3. Nd2 g6 4. Ngf3 Bg4 5. c3 dxe4 6. Nxe4 Bg7 7. Bc4 Bxf3 8.
Qxf3 Nf6 9. Nxf6+ exf6 10. h4 h5 11. Bf4 f5 12. Qg3 Nd7 13. Kf1 Nb6 14. Bc7 Qd7
15. Re1+ Kf8 16. Bd6+ Kg8 17. Re7 Qxe7 18. Bxe7 Nxc4 19. Bg5 Nxb2 20. Qc7 Kh7
21. Qxf7 b6 22. Qb3 1-0

[Event "Madrid ch 2010-2011 - Semifinal B"]
[Site "Madrid ESP"]
[Date "2011.01.22"]
[Round "4.5"]
[White "Nieto de la Cruz, Julio"]
[Black "Ramos Aldoradin, John Paul"]
[Result "0-1"]
[WhiteElo "2135"]
[BlackElo "2125"]
[PlyCount "72"]
[EventDate "2011.01.14"]
[EventType "swiss"]
[EventRounds "9"]
[EventCountry "ESP"]
[Source "lmi"]
[SourceDate "2011.01.14"]

1. d4 e6 2. c4 d5 3. Nc3 c6 4. e3 Bd6 5. Bd3 f5 6. Nge2 Nf6 7. Qc2 O-O 8. f3
Kh8 9. Bd2 Na6 10. a3 dxc4 11. Bxc4 Nc7 12. Bd3 Nfd5 13. f4 Qe7 14. Na4 Bd7 15.
Rc1 b6 16. b4 Ne8 17. Qb3 Nef6 18. Nb2 c5 19. dxc5 bxc5 20. b5 e5 21. Bc4 Nb6
22. fxe5 Bxe5 23. Nd3 Bd6 24. Nef4 Ne4 25. g3 Rfe8 26. Ba5 Nf6 27. Ng2 Nxc4 28.
Qxc4 Be6 29. Qh4 Bd5 30. O-O Bxg2 31. Kxg2 Qxe3 32. Nf4 Bxf4 33. Qxf4 Qxa3 34.
Be1 Nd5 35. Qg5 Ne3+ 36. Kg1 Qxc1 0-1

[Event "Madrid ch 2010-2011 - Semifinal B"]
[Site "Madrid ESP"]
[Date "2011.01.22"]
[Round "4.6"]
[White "Madurga Lopez, Ignacio"]
[Black "Cerrato Torrijos, Maria"]
[Result "0-1"]
[WhiteElo "1987"]
[BlackElo "2100"]
[PlyCount "82"]
[EventDate "2011.01.14"]
[EventType "swiss"]
[EventRounds "9"]
[EventCountry "ESP"]
[Source "lmi"]
[SourceDate "2011.01.14"]

1. e4 c5 2. Nf3 d6 3. d4 Nf6 4. Nc3 cxd4 5. Nxd4 Nc6 6. Bg5 Qb6 7. Nb3 e6 8.
Bf4 Ne5 9. Be3 Qc7 10. f4 Nc6 11. g4 d5 12. e5 Nd7 13. Nd4 a6 14. Qd2 b5 15.
Bd3 Nc5 16. Nce2 Nxd3+ 17. cxd3 Bb4 18. Nc3 O-O 19. Rc1 f6 20. a3 fxe5 21. fxe5
Be7 22. Nce2 Bd7 23. Nxc6 Bxc6 24. Nd4 Bh4+ 25. Kd1 Qxe5 26. Rxc6 Rf6 27. g5
Rf7 28. Rxe6 Qc7 29. Qc2 Qd8 30. Qc6 Qf8 31. Ke2 Rd8 32. Qxa6 Bxg5 33. Bxg5
Rf2+ 34. Kd1 Rc8 35. Re2 Rf1+ 36. Kd2 Rxh1 37. Qe6+ Kh8 38. Be7 Qf4+ 39. Qe3
Qc7 40. Re1 Rxh2+ 41. Re2 Qc1# 0-1